|
|
|
|
| LEADER |
00000nam a22000007a 4500 |
| 005 |
20120925175553.0 |
| 007 |
cr|||| |||| |
| 008 |
120925s2011 sp |||||s|||| 00||0 spa d |
| 020 |
|
|
|a 978-84-15455-09-7
|
| 035 |
|
|
|a 6310
|
| 040 |
|
|
|a vLex
|
| 090 |
|
|
|c 3473
|d 3473
|
| 100 |
1 |
|
|a Quispe Remn̤, Florabel
|
| 245 |
1 |
0 |
|a Derechos Humanos y lucha contra la impunidad
|h [Recurso electrn̤ico] :
|b El caso Fujimori /
|c Florabel Quispe Remn̤, Reynaldo Bustamante Alarcn̤
|
| 256 |
|
|
|a Servicio en ln̕ea
|
| 260 |
|
|
|a Madrid :
|b Dykinson,
|c 2011
|
| 300 |
|
|
|a 1 recurso electrn̤ico
|
| 506 |
1 |
|
|a Contenido solo disponible en los productos indicados
|d vLex Global
|d vLex Global (Academic Edition, excluding Law Schools)
|d vLex Global (U.S. Academic Edition, Law Schools)
|d vLex Global (U.S. Academic Edition, excluding Law Schools)
|d vLex Global (Academic Edition, Law Schools)
|
| 650 |
|
|
|a Derechos humanos
|
| 700 |
1 |
|
|a Bustamante Alarcn̤, Reynaldo
|
| 740 |
0 |
|
|a vLex Libros (Servicio en ln̕ea)
|
| 856 |
4 |
0 |
|u http://vlex.com/source/derechos-humanos-lucha-impunidad-caso-fujimori-6310
|z Acceso restringido
|
| 942 |
|
|
|c BOOK
|
| 999 |
0 |
|
|a Human rights
|